Statystyki dla państwa zaczynające się na -ma (dla geomexa)

Kliknij tutaj aby rozwiązać quiz!

Ogólne statystyki

  • Ten quiz został rozwiązany 3 759 razy
  • Średni wynik to 6 z 10

Statystyki odpowiedzi

HintOdpowiedź% Poprawnych
europamacedonia
76%
azjamalezja
73%
europamalta
72%
afrykamauretania
67%
afrykamadagaskar
63%
afrykamaroko
63%
afrykamali
59%
afrykamalawi
54%
azjamalediwy
48%
afrykamauritius
46%

Rozkład punktacji

Percentyl według liczby udzielonych odpowiedzi

Procent ludzi z każdym wynikiem

Twoja historia wyników

Nie rozwiązałeś tego quizu